| 000 | 01737nam a2200253Ia 4500 | ||
|---|---|---|---|
| 003 | Ost | ||
| 005 | 20260416102357.0 | ||
| 008 | 260416s9999||||xx |||||||||||||| ||und|| | ||
| 040 | _cfsecg | ||
| 041 | _aara | ||
| 082 | _a332 | ||
| 100 |
_aالعربي، نعيمة _eمؤلف |
||
| 245 | 0 |
_aالإقتصاد النقدي وأسواق رأس المال : _bموجه لطلبة السنة الثانية ليسانس LMD / _c نعيمة العربي |
|
| 260 |
_aالجزائر _bجامعة الجزائر3: كلية العلوم الإقتصادية، العلوم التجارية وعلوم التسيير _c2021 |
||
| 300 |
_a173 ورقة _bايضاحات _c30 سم |
||
| 504 | _aمراجع ص.168 | ||
| 520 | _aمدخل للاقتصاد الحقيقي و الاقتصاد النقدي ، إطار نظري عام حول النقودالمفهوم الأشكال الوظائف و التطورات ، الانظمة النقدية المختلفة ، النظريات المفسرة للنقود الكتلة النقدية و مقابلاتها ، السياسة النقدية ، الوساطة المالية، أطار نظري عام حول الأسواق المالية ، الأسواق النقدية ، أسواق رأس المال ، الأسواق الآجلة و أسواق العملات ، بورصة الاوراق المالية ، الأسواق المالية الدولية . | ||
| 653 | _aالاسواق المالية | ||
| 653 | _aالاقتصاد | ||
| 653 | _aالاقتصاد النقدي | ||
| 653 | _aالنقود | ||
| 710 |
_aجامعة الجزائر3: كلية العلوم الإقتصادية، العلوم التجارية وعلوم التسيير _eناشر علمي |
||
| 942 | _cHANDOUT | ||
| 999 |
_c41245 _d41245 |
||